Hodnotenie efektívnosti inovačnej aktivity
Ukazovatele inovačnej aktivity. Ciele hodnotenie inovačných činností v podniku. Metódy hodnotenia inovačnej aktivity. Efekty inovačných procesov.
Salvato in:
| Autore principale: | |
|---|---|
| Natura: | Capitolo di libro |
| Lingua: | slovacco |
| Soggetti: | |
| Tags: |
Nessun Tag, puoi essere il primo ad aggiungerne!!
|
MARC
| LEADER | 00000nla a2200000 4500 | ||
|---|---|---|---|
| 001 | 0238895 | ||
| 005 | 20240502073851.7 | ||
| 041 | 0 | |a slo | |
| 044 | |a SK | ||
| 245 | 1 | 0 | |a Hodnotenie efektívnosti inovačnej aktivity |c Denisa Šefčíková |
| 520 | |a Ukazovatele inovačnej aktivity. Ciele hodnotenie inovačných činností v podniku. Metódy hodnotenia inovačnej aktivity. Efekty inovačných procesov. | ||
| 610 | 2 | 0 | |a stratégia inovačná |
| 610 | 2 | 0 | |a efektívnosť ekonomická |
| 610 | 2 | 0 | |a efektívnosť inovácií |
| 610 | 2 | 0 | |a podnik |
| 610 | 2 | 0 | |a projekty investičné |
| 100 | 1 | |a Šefčíková, Denisa | |